000 01026cam a2200289 4500
008 000000n1999 000 0 eng u
020 _a0854069941
035 _a(Sirsi) u104437
041 _aeng
050 _a333.0062
110 _aRoyal Institution of Chartered Surveyors
_94900
245 _aRoyal charter and bye-laws 1973 (amended 1975, 1977, 1978, 1980, 1981, 1985, 1986, 1988, 1990, 1993, 1995, 1998 and 1999)
250 _a(Rev. ed.)
260 _aLondon
_bRICS
_c1999
300 _a1v. (loose-leaf) ; 30cm.
350 _a£8.00
520 _aSUPERSEDED BY 2001 UPDATE ISBN 1842190474 2001/28. Incorporates all amendments up to and including those allowed by the Privy Council on 12 October 1999
650 _aABOUT RICS-RICS MEMBERS
650 _aMEMBERSHIP
650 _aPROFESSIONAL PRACTICE
650 _aRICS BYE-LAWS
650 _aRICS ROYAL CHARTER
650 _aRICS
650 _aRICS RULES OF CONDUCT
690 _aMANAGEMENT-BUSINESS MANAGEMENT-PROFESSIONAL PRACTICE
942 _n0
999 _c100253
_d100253